Great Indian economists: (Record no. 179693)
[ view plain ]
| 000 -LEADER | |
|---|---|
| fixed length control field | 00779nam a22002177a 4500 |
| 005 - DATE AND TIME OF LATEST TRANSACTION | |
| control field | 20210701142414.0 |
| 010 ## - LCCN (DPL NO) | |
| LC control number | B-740481 |
| 020 ## - INTERNATIONAL STANDARD BOOK NUMBER | |
| International Standard Book Number | 8176293059 |
| Terms of availability | 1550.00 |
| 035 ## - SYSTEM CONTROL NUMBER | |
| System control number | B-740481 |
| 037 ## - SOURCE OF ACQUISITION | |
| Source of stock number/acquisition | K.K. Publication |
| 082 ## - DEWEY DECIMAL CLASSIFICATION NUMBER | |
| Classification number | 921 |
| 100 ## - MAIN ENTRY--PERSONAL NAME | |
| Personal name | Naoroji, Dadabhai |
| 245 ## - TITLE STATEMENT | |
| Title | Great Indian economists: |
| Remainder of title | their creative vision for socio-economic development / |
| Statement of responsibility, etc | by Dadabhai Naoroji ; edited by Debendra Kumar Das |
| 260 ## - PUBLICATION, DISTRIBUTION, ETC. (IMPRINT) | |
| Place of publication, distribution, etc | New Delhi |
| Name of publisher, distributor, etc | Deep & Deep Publications |
| Date of publication, distribution, etc | 2004 |
| 270 ## - ADDRESS | |
| Address | F-159, Rajouri Garden |
| City | New Delhi |
| Postal code | 110027 |
| 300 ## - PHYSICAL DESCRIPTION | |
| Extent | xlii, 361p. |
| Dimensions | 25cm(Hb) |
| 500 ## - GENERAL NOTE | |
| General note | include bibliographical references and index |
| 700 ## - ADDED ENTRY--PERSONAL NAME | |
| Personal name | Das, Debendra Kumar |
| 942 ## - ADDED ENTRY ELEMENTS (KOHA) | |
| Source of classification or shelving scheme | Dewey Decimal Classification |
| Item type | English Books |
| Classification part | 921 |
| Call number suffix | NAO |
| Withdrawn status | Lost status | Not for loan | Collection code | Home library | Current library | Date acquired | Cost, normal purchase price | Full call number | Barcode | Copy number | Cost, replacement price | Koha item type |
|---|---|---|---|---|---|---|---|---|---|---|---|---|
| Non-fiction | Central Library | Central Library | 01/07/2021 | 1550.00 | 921 NAO | B-740481 | 1 | 1550.00 | English Books |
